000 00670nam a22002057a 4500
005 20241028112341.0
008 241028b |||||||| |||| 00| 0 eng d
020 _a9789988329990
050 _aNA2750
_b.Pr93
100 _aKoranteng, Christian
245 _aPrinciples of Order and Design in Architecture
_cChristian Koranteng, Barbara Simons, Martin Larbi & Benedict Owusu-Brown
250 _a1st Ed.
260 _aKumasi, Ghana
_bUniversity Press, Kumasi
_c2021
300 _avii.106pages
_bill. some color
_c22cm
650 _2Architecture
700 _aSimons, Barbara
700 _aLarbi, Martin
700 _aOwusu-Brown, Benedict
942 _2lcc
_cBK
_e1st Ed.
_n0
999 _c273
_d273